000 00289nam a22001337a 4500
008 170601b xxu||||| |||| 00| 0 eng d
020 _a9780070913837
041 _aeng
080 _a94(7/8)
100 _a17
101 _aSHH
245 _aDEFINING CANADA
_cBULGUTCH,M
942 _2udc
_cBK
999 _c15217
_d15217